Pokémon - Les attaques de Monorpale - Statistiques

Statistiques générales
  • Ce quiz a été pris 17 fois
  • Le résultat moyen est 11 sur 14
Statistiques - réponses
Niveaux Types Noms des attaques % Correct
Niveau 32 Acier Mur de Fer
100%
Niveau 4 Spectre Ombre Portée
100%
Niveau 20 Normal Tranche
100%
Niveau 24 Ténèbres Tranche-Nuit
100%
Niveau 12 Vol Aéropique
88%
Départ Normal Charge
88%
Niveau 16 Acier Strido-Son
88%
Départ Insecte Taillade
88%
Niveau 36 Acier Tête de Fer
88%
Niveau 8 Acier Allègement
75%
Niveau 44 Normal Danse Lames
63%
Niveau 48 Combat Lame Sainte
63%
Niveau 40 Psy Astuce Force
25%
Niveau 28 Normal Vengeance
13%
Aucun quiz correspondant
Distribution des résultats
% des personnes avec chaque résultat
Percentile par nombre de réponses
Votre historique - résultats
Vous n’avez pas pris ce quiz